01184cac a22002775a 450000500170000000800410001702000150005804000380007308200220011110000420013324501030017525000120027826000520029030000340034250000420037650400410041865000380045965000430049765300310054070000420057170000280061394200260064199900150066795201120068295201120079420171113131245.0120429s1988 ilua frb 001 0 eng d a0713145420 aEG-ScBUEbengcEG-ScBUEdEG-ScBUE04a616.0756bZIL2221 a Zilva, Joan F.929743c(Joan Foster)10aClinical chemistry in diagnosis and treatment /cJoan F. Zilva, Peter R. Pannall, Philip D. Mayne. a5th ed. aChicago :bYear Book Medical Publishers,c1988. axix, 490 p. :bill. ;c23 cm. a"A Lloyd-Luke publication"--Half-t.p. aIncludes bibliographical references. 7aClinical chemistry.9297442BUEsh 7aDiagnosis, Differential.9196472BUEsh bENGCHEbGGENcNovember20171 aPannall, P. R.q(Peter Ronald)9297461 aMayne, Philip D.929747 cBBk616.0756Z6512ddc c3552d3552 00102ddc4070aMAINbMAINc1STd2007-04-29ePurchasel0o616.0756 ZILp000030289r2025-07-15 00:00:00yBB 00102ddc4070aMAINbMAINc1STd2007-04-29ePurchasel0o616.0756 ZILp000030288r2025-07-15 00:00:00yBB